Taxing Ourselves <A> Citizen's Guide to the Debate over Taxes
Uložené v:
| Hlavný autor: | |
|---|---|
| Ďalší autori: | |
| Médium: | Kniha |
| Jazyk: | English |
| Vydavateľské údaje: |
Cambridge
<The> MIT Press
2008
|
| Vydanie: | 4th Edition |
| Predmet: | |
| Tagy: |
Žiadne tagy, Buďte prvý, kto otaguje tento záznam!
|
MARC
| LEADER | 00000nam a2200000 4500 | ||
|---|---|---|---|
| 001 | 0247445 | ||
| 005 | 20240306140021.8 | ||
| 020 | |a 978-0-262-69363-9 | ||
| 020 | |a 978-0-262-19573-7 | ||
| 041 | 0 | |a eng | |
| 044 | |a US | ||
| 245 | 1 | 0 | |a Taxing Ourselves |b <A> Citizen's Guide to the Debate over Taxes |c Joel Slemrod and Jon Bakija |
| 250 | |a 4th Edition | ||
| 264 | 1 | |a Cambridge |b <The> MIT Press |c 2008 | |
| 300 | |a 382 s. | ||
| 610 | 2 | 0 | |a dane |
| 610 | 2 | 0 | |a politika daňová |
| 610 | 2 | 0 | |a systémy daňové |
| 610 | 2 | 0 | |a porovnanie medzinárodné |
| 610 | 2 | 0 | |a dane z príjmov |
| 610 | 2 | 0 | |a osoby fyzické |
| 610 | 2 | 0 | |a firmy |
| 610 | 2 | 0 | |a prosperita ekonomická |
| 610 | 2 | 0 | |a reformy daňové |
| 610 | 2 | 0 | |a zdanenie dvojité |
| 610 | 2 | 0 | |a USA |
| 100 | 1 | |a Slemrod, Joel | |
| 700 | 1 | |a Bakija, Jon | |